000 00645nam a2200193Ia 4500
003 GCL
008 140319s9999 xx 000 0 ara d
040 _aGCL /
_cGCL
082 0 4 _aد
_b050
_bد هـ
245 1 0 _aالهلال مارس 2002 : ثورة الخرائط ومغامرة الاكتشاف
260 _aالقاهرة :
_bدار الهلال للطباعة والنشر ،
_c2002
650 0 4 _aالكتابة
650 0 4 _aالشعر
650 0 4 _aالقصة القصيرة
650 0 4 _aعبدالرحمن الرافعى
650 0 4 _aالاسلام والغرب
650 0 4 _aمحمد فريد ابو حديد
942 _2ddc
_cCR
999 _c6696
_d6696